Passport quotes Quiz Stats

 Plays Quiz not verified by Sporcle

Score 0/13 Timer 04:00
0 Plays Today
brief description source % Correct
American PresidentAbraham Lincoln
77%
DocumentDeclaration of Independence
67.4%
American PresidentJohn F. Kennedy
50.4%
Clergyman/ActivistMartin Luther King, Jr.
45.9%
American PresidentGeorge Washington
34.8%
American PresidentTheodore Roosevelt
23.7%
American PresidentDwight D. Eisenhower
20%
inscription onThe Golden Spike
20%
American StatesmanDaniel Webster
18.5%
Indian tribe: Thanksgiving addressMohawks
17.8%
American PresidentLyndon Johnson
14.8%
Author/EducatorAnna Julia Cooper
8.1%
AstronautEllison S. Onizuka
5.9%

You're not logged in!

Compare scores with friends on all Sporcle quizzes.
OR
Log In

Show Comments

Extras

Top Quizzes Today


Score Distribution

Your Account Isn't Verified!

In order to create a playlist on Sporcle, you need to verify the email address you used during registration. Go to your Sporcle Settings to finish the process.

Report this User

Report this user for behavior that violates our Community Guidelines.

Details: